Score 0/24 Timer 04:00
1 Play Today
Hint 5-Letter Word % Correct
'Winner ___ all'TAKES
98.1%
🎤First name of the Godfather of Soul🎤
Bond or Madison, e.g.
🎤JAMES🎤
96.4%
Texas Hold 'Em is a variant of this card gamePOKER
95.5%
Finger jabsPOKES
94.1%
♫One of his hits: 'Papa's Got a ___ New Bag'♫
Leave a lasting mark...
♫BRAND♫
93.3%
DomesticatesTAMES
93%
Activity done with closed eyesSLEEP
91.9%
What the Scarecrow longed for in 'The Wizard of Oz'BRAIN
91.6%
🎤Last name of the Godfather of Soul🎤
Ivy League school
🎤BROWN🎤
91.4%
Icy precipitationSLEET
91.2%
Chips given to the dealer as a tipTOKES
91%
Mix together until combinedBLEND
89.6%
Hint 5-Letter Word % Correct
Muscular strengthBRAWN
89.5%
A large naval unitFLEET
89.5%
Derivative and uninteresting BLAND
89.4%
Pigtail or fishtail, e.g.BRAID
89.3%
Curse substituteBLEEP
88.2%
To seep through, like inkBLEED
88%
An entrance hallFOYER
79.8%
♫One of his hits: 'Soul ___'♫
'On' button
♫POWER♫
77.2%
To shrink in fearCOWER
76.8%
Philadelphia hockey playerFLYER
73.9%
More shy than normalCOYER
71%
To mock or laugh maliciously FLEER
69.5%

Today's Daily Dose

You're not logged in!

Compare scores with friends on all Sporcle quizzes.
OR
Log In

Sporcle TV

Today on Sporcle TV


Watch our educational content, quiz creation guides, and fun videos on Sporcle TV.

Show Comments

Extras

Top Quizzes Today


Score Distribution

Paid Content

Your Account Isn't Verified!

In order to create a playlist on Sporcle, you need to verify the email address you used during registration. Go to your Sporcle Settings to finish the process.

Report this User

Report this user for behavior that violates our Community Guidelines.

Details: